000 00440nam a22001817a 4500
999 _c11826
_d11826
003 OSt
008 230131b ||||| |||| 00| 0 eng d
020 _a9789353065966
082 _a658.7 CHS
100 _aCHOPRA,Sunil
245 _aStrategy,Planning and Operation
250 _a7th ed
260 _aUP
_bPearson
_c2022
300 _a562
650 _aStrategy,Planning and Operation
700 _aKALRA,Dharam Vir
942 _2ddc
_cREF